000 00357nam a2200169Ia 4500
008 210210b1934 xxu||||| |||| 00| 0 eng d
041 _aeng
082 _a444/389
100 _aVILLON
245 _aPoesies choisies
260 _aParis
_b-
_c1934
650 _aPoesies
650 _achoisies
690 _aFrench
700 _aMAROT
906 _a006584
999 _c129573
_d129573